Арифметика маркетинга для первых лиц

Bibliografiset tiedot
Päätekijä: Манн И. Б. Игорь Борисович
Yhteenveto:Эта книга дает ответы на вопросы реальных топ-менеджеров, перед которыми стоит задача улучшить маркетинг компании. Вам нужно взять на работу специалиста по маркетингу? Правильно ставить ему задачи и верно мотивировать? Контролировать его работу, не зажимая инициативу? Вам отвечает Игорь Манн, ведущий специалист по маркетингу в России, автор книг «Маркетинг на 100%», «Маркетинговая машина» и других. Книга принесет наибольшую пользу владельцам бизнеса (малого и средн го), акционерам и топ-менеджерам, которые хотят улучшить маркетинг в своей компании.
Kieli:venäjä
Julkaistu: Москва, Манн, Иванов и Фербер, 2011
Painos:2-е изд.
Aiheet:
Aineistotyyppi: Kirja
KOHA link:https://koha.lib.tpu.ru/cgi-bin/koha/opac-detail.pl?biblionumber=216159

MARC

LEADER 00000nam0a2200000 4500
001 216159
005 20231101230023.0
010 |a 9785916571653 
035 |a (RuTPU)RU\TPU\book\236121 
090 |a 216159 
100 |a 20120522d2011 km y0rusy50 ca 
101 0 |a rus 
102 |a RU 
105 |a y z 001zy 
200 1 |a Арифметика маркетинга для первых лиц  |f И. Б. Манн 
205 |a 2-е изд. 
210 |a Москва  |c Манн, Иванов и Фербер  |d 2011 
215 |a 168 с. 
320 |a Библиогр.: с. 143-148. 
330 |a Эта книга дает ответы на вопросы реальных топ-менеджеров, перед которыми стоит задача улучшить маркетинг компании. Вам нужно взять на работу специалиста по маркетингу? Правильно ставить ему задачи и верно мотивировать? Контролировать его работу, не зажимая инициативу? Вам отвечает Игорь Манн, ведущий специалист по маркетингу в России, автор книг «Маркетинг на 100%», «Маркетинговая машина» и других. Книга принесет наибольшую пользу владельцам бизнеса (малого и средн го), акционерам и топ-менеджерам, которые хотят улучшить маркетинг в своей компании. 
606 1 |a Маркетинг  |2 stltpush  |3 (RuTPU)RU\TPU\subj\41036  |9 60857 
610 1 |a термины 
610 1 |a определения 
610 1 |a топ-менеджмент 
610 1 |a топ-менеджеры 
610 1 |a задачи 
610 1 |a решения 
610 1 |a клиенты 
610 1 |a компании 
610 1 |a оборот 
610 1 |a увеличение 
610 1 |a маркетеры 
610 1 |a функции 
610 1 |a обучение 
610 1 |a должностные обязанности 
610 1 |a конкуренты 
610 1 |a маркетинговые поставщики 
610 1 |a откаты 
610 1 |a бюджет 
610 1 |a планирование 
610 1 |a реклама 
610 1 |a прибыль 
686 |a У9(2)212.4  |v LBC/SL-A  |2 rubbk 
700 1 |a Манн  |b И. Б.  |g Игорь Борисович 
801 1 |a RU  |b 63413507  |c 20120522 
801 2 |a RU  |b 63413507  |c 20120924  |g RCR 
942 |c BK 
959 |a 80/20120522  |d 1  |e 520,00  |f ЧЗГЛ:1